Normal view MARC view

Entry Término temático

Number of records used in: 1

001 - NÚMERO DE CONTROL

  • campo de control: 87009

003 - IDENTIFICADOR DE NÚMERO DE CONTROL

  • campo de control: mxcmmo

005 - FECHA Y HORA DE LA ÚLTIMA TRANSACCIÓN

  • campo de control: 20241018021527.0

008 - ELEMENTOS DE DATO DE LONGITUD-FIJA

  • campo de control de longitud fija: 241018|| aca||aabn | a|a d

040 ## - FUENTE DE CATALOGACIÓN

  • Centro catalogador/agencia de origen: mxcmmo
  • Centro/agencia transcriptor: mxcmmo

150 ## - ENCABEZAMIENTO--TÉRMINO DE MATERIA

  • Término de materia o nombre geográfico como elemento de entrada: Fraude
  • Subdivisión geográfica: Hidalgo
  • Subdivisión geográfica: Ixmiquilpan

670 ## - FUENTE DE DATOS ENCONTRADOS

  • Cita de la fuente: Work cat.: (mxcmmo)47184: Perdigon Garay, J. G. autor 87007, [Vindicación del ciudadano Antonio Arguero, administrador interino de Alcabalas de Ixmiquilpan acusado de malversación de la hacienda pública]